LEADER 01146nam a2200265 u 4500 001 000000050877 003 CaOOAMICUS 005 20070226115256.0 008 000904s1961 gw u000 u ger u 035 $a10854493 040 $aPUL(R)$bita 100 0 $aIohannes Chrysostomus,$cO.S.B.,$d1915-1981.$0(OLS)http://pul/name/36745 245 14$aDie religiösen Kräfte in der russischen Geschichte /$cJohannes Chrysostomus. 260 $aMünchen :$bA. Pustet,$cc1961. 300 $a222 p. ;$c22 cm 490 1 $aSammlung Wissenschaft und Gegenwart 504 $aBibliografia in nota. 650 4$aChiesa$xStoria$zRussia.$0(OLS)http://pul/subject/9932 651 4$aRussia$xStoria.$0(OLS)http://pul/subject/6452 830 0$aSammlung Wissenschaft und Gegenwart.$0(OLS)http://pul/title/68438 850 $aPUL 852 $aPUL$W1$xDP1 Fondo Maccarrone$y58$m1526 D 13$j67449$nBK-PRI$b $qFondi$B67449$CPULBib$Z2$F67449 $H $81 941 1 $a1 996 $6245$aDie religiösen Kräfte in der russischen Geschichte$9(OLS)http://pul/title/68437 996 $6260$aMünchen :$bA. Pustet$9(OLS)http://pul/publisher/67844 LEADER 01559nam a2200325 a 4500 001 000000129287 003 CaOOAMICUS 005 20120613121334.0 008 120613s2012 be u000 u eng r 020 $z9789058678959* 040 $aPUL$bita 100 1 $aDoyle, John P.$0(OLS)http://pul/name/51513 245 10$aOn the borders of being and knowing :$bsome late scholastic thoughts on supertranscendental being /$cJohn P. Doyle ; edited by Victor M. Salas. 260 $aLeuven :$bLeuven University Press ;$a[S.l.] :$bDe Wulf-Mansioncentre,$c©2012. 300 $aXVI, 326 p. ;$c25 cm. 490 1 $aAncient and medieval philosophy. Series 1 ;$v44 500 $aInclude indice. 500 $a"De Wulf-Mansion Centre, series I". 504 $aBibliografia p. [301]-318. 650 4$aScolastica.$0(OLS)http://pul/subject/1014 700 1 $aSalas, Victor M.$0(OLS)http://pul/name/80752 830 0$aAncient and medieval philosophy.$nSeries 1 ;$v44.$0(OLS)http://pul/title/225 850 $aPUL 852 $aPUL$W1$xSL Religione 1$y3$m80 H 1.44$j149714$qStampati$B148236$CPULBib$Z2$F148236 $H119660 $82 941 1 $a8 996 $6020$z9789058678959*$9(OLS)http://pul/number/150002 996 $6245$aOn the borders of being and knowing :$bsome late scholastic thoughts on supertranscendental being$9(OLS)http://pul/title/163383 996 $6260$aLeuven :$bLeuven University Press$9(OLS)http://pul/publisher/48301 996 $6260$a[S.l.] :$bDe Wulf-Mansioncentre$9(OLS)http://pul/publisher/81778